00397nam a2200133Ia 4500008004100000020001300041041000800054082001700062100002000079245009200099260003600191300001300227700002300240220530s9999 xx 000 0 und d a23500808 aeng a620:050bJHA aJha, Sandeep N. aInternational Journal of Emerging Trends in TechnologybSeptember 2014 & September 2015 aNashikbSandip Foundationc2014 a419PbHB a Gandhe, Sanjiv T.